Dejiny kníhtlače

Bibliographic Details
Main Authors: Ecker, Juraj, 1920-1996 (Author), Valach, Július, 1945- (Author)
Format: Article
Language:Slovak
Subjects:

MARC

LEADER 00000nab a2200000 a 4500
001 vtls000321858
003 SK-MaSNL
005 20260304034429.0
008 230217c1988 xo 0 slo
015 |a SNBRB19rr/mm-uuuuu 
035 |a CL0321980 
035 |a urn:nbn:sk:snk-abbi9s 
035 |a (urnnbn)urn:nbn:sk:snk:ar-000qiw 
035 |a (uuid)9f2b85a9-17ac-43ae-b30f-f78fde5c4707 
040 |a SNKBUCL  |b slo  |c SNKBUCL  |e AACR2 
041 0 |a slo 
044 |a xo  |c SK 
080 |a 655.1/.3(437.6)(048)  |2 1981 
100 1 |a Ecker, Juraj,  |d 1920-1996  |4 aut  |9 109061 
245 1 0 |a Dejiny kníhtlače  |c Juraj Ecker 
650 0 7 |a kníhtlač  |2 snkbucl  |9 30985 
655 7 |a články z novín a časopisov  |2 snkbucl  |9 267496 
655 7 |a články z odboru knihovníctvo  |2 snkbucl  |9 166141 
700 1 |a Valach, Július,  |d 1945-  |4 aut 
773 0 |t Čitateľ  |g Roč. 37, č. 4 (1988), s. 157 
787 0 8 |i Rec.:  |a Valach, Július  |t Staré tlačiarne a tlačiari na Slovensku  |d Martin : Matica slovenská, 1987 
850 |a Slovenská národná knižnica v Martine  |a MTA001 
852 |a SNK  |b KIS3GCP 
954 |a odborná, vedecká literatúra pôvodná (slovenská)  |2 lita 
958 |a RK 
958 |a KL 
958 |a OND 
958 |a EUIPO 
958 |a article15 
992 |a RBX 
999 |c 2653032  |d 2654962